| 000 | 00393nam a2200169Ia 4500 | ||
|---|---|---|---|
| 005 | 20240215122022.0 | ||
| 008 | 230524s9999 xx 000 0 und d | ||
| 082 |
_a4.162 _bRAT |
||
| 100 | _aAmiya Ratha | ||
| 245 | 0 | _aData Structures Using C | |
| 260 |
_aNEW DELHI _bECT |
||
| 300 | _aXV;656 | ||
| 500 | _aQuantity Number: 70 | ||
| 650 | _aComp-Sc | ||
| 700 | _a Alok Jagdev | ||
| 942 | _cBK | ||
| 999 |
_c6831 _d6831 |
||